00490 2200205 4500001002100000005001500021008004100036020002200077035001900099041000700118082000800125090001400133100001600147245002800163250001000191260004100201300002100242500001000263650001100273INLIS00000000000153420241224112352241224||||||||| | ||| |||| || |  a978-979-419-380-8 0010-1224001534 aid0 a410 a410 AJI i0 aAjip Rosidi00aIbu Haji Belum Ke Mekah aCet.1 aBandungbPT.Dunia Pustaka Jayac2012 a189 hlm.; 20 cm. aCet.1 0aBahasa